| 000 | 01652naa a22003737a 4500 | ||
|---|---|---|---|
| 001 | BR8101664 | ||
| 003 | BR-BrBNA | ||
| 005 | 20250716171002.0 | ||
| 007 | ta | ||
| 008 | 250630b bl.|||m| |||| 00| 0 por d | ||
| 040 |
_aBR-BrBNA _bpor _cBiblioteca Nacional de Agricultura |
||
| 041 | _a(Pt) | ||
| 072 |
_aP12; F22; F00 _b0120 _b3801 _bG514 |
||
| 090 | _aP12 BR8101664 | ||
| 100 | 1 | _aSilva, D.A. da | |
| 100 | 1 | _aGheyi, H.R. | |
| 100 | 1 | _aSilva, A. de S. | |
| 100 | 1 | _aMagalhaes, A.A. | |
| 245 | 1 | _aIrrigacao por capsulas porosas 4. Efeitos das diferentes pressoes hidrostaticas e populacoes de plantas sobre a producao do milho [Quimica do solo; Zona semi-arida; Brasil] | |
| 246 | 1 | _a[Irrigation by porous capsules 4. Effects of the different hydrostatic pressures and plant populations on maize production [Soil chemistry; Semi-arid zone; Brazil]] | |
| 246 | 1 | _a[Small irrigation for the semi-arid tropic: ebb tides and porous capsules] | |
| 500 | _aPequena irrigacao para o tropico semi-arido: vazantes e capsulas porosas Petrolina, PE (Brasil): 1981. p. 43-59 [24 ref.] (BR8101664-AMS) | ||
| 773 | 0 |
_tPequena irrigacao para o tropico semi-arido: vazantes e capsulas porosas _wP12 BR8101664 _gPetrolina, PE (Brasil), 1981. p. 43-59 |
|
| 650 | _aIrrigacao | ||
| 650 | _aQuimica do solo | ||
| 650 | _aProducao vegetal | ||
| 650 | _aMilho | ||
| 650 | _aCapsula porosa | ||
| 650 | _aPressao hidrostatica | ||
| 650 | _aZona Semi-arida | ||
| 490 |
_aBoletim de Pesquisa - Centro de Pesquisa Agropecuaria do Tropico Semi Arido (Brazil) _vno. 3 _xISSN 0100-8951 |
||
| 942 |
_cAMS _2AGRIS |
||
| 909 |
_a202506 _bLúcia _c55 _dLúcia Elande |
||
| 999 |
_c333688 _d333688 |
||